ბათუმის შოთა რუსთაველის სახელმწიფო უნივერსიტეტის ბიბლიოთეკა

თბილისის განთიადი (ბიბ.ჩანაწერი № 50446)

000 -LEADER
fixed length control field 00652nam a2200217Ia 4500
001 - CONTROL NUMBER
control field 17391
003 - CONTROL NUMBER IDENTIFIER
control field GE_BSU
008 - FIXED-LENGTH DATA ELEMENTS--GENERAL INFORMATION
fixed length control field 181216s||||||||xx |||||||||||||| ||und||
040 ## - CATALOGING SOURCE
Transcribing agency GE_BSU
080 ## - UNIVERSAL DECIMAL CLASSIFICATION NUMBER
Universal Decimal Classification number 82-93:821.161.1-3
100 ## - MAIN ENTRY--PERSONAL NAME
Personal name ორჯონიკიძე,ვილი
245 ## - TITLE STATEMENT
Title თბილისის განთიადი
245 ## - TITLE STATEMENT
Remainder of title საბავშვო მოთხრობები
260 ## - PUBLICATION, DISTRIBUTION, ETC.
Place of publication, distribution, etc. თბილისი
260 ## - PUBLICATION, DISTRIBUTION, ETC.
Name of publisher, distributor, etc. ნაკადული
260 ## - PUBLICATION, DISTRIBUTION, ETC.
Date of publication, distribution, etc. 1961
300 ## - PHYSICAL DESCRIPTION
Extent 162გვ. ; 20სმ
300 ## - PHYSICAL DESCRIPTION
Accompanying material ილ
653 ## - INDEX TERM--UNCONTROLLED
Uncontrolled term საბავშვო მოთხრობები
942 ## - ADDED ENTRY ELEMENTS (KOHA)
Koha item type წიგნი
ეგზემპლარები
Withdrawn status Lost status Damaged status Not for loan Date acquired Barcode Date last seen Price effective from Koha item type
        2018-12-17 41539 2018-12-17 2018-12-17 წიგნი